Anita Brenner : (Record no. 70372)

MARC details
000 -LEADER
fixed length control field 00973cam a2200253 4500
005 - DATE AND TIME OF LATEST TRANSACTION
control field 20250625112807.0
008 - FIXED-LENGTH DATA ELEMENTS--GENERAL INFORMATION
fixed length control field 081216n2000 mx 000 0 spa u
020 ## - INTERNATIONAL STANDARD BOOK NUMBER
International Standard Book Number 9709885057
050 04 - LIBRARY OF CONGRESS CALL NUMBER
Classification number PN4973.B74
Item number G58 2000
100 1# - MAIN ENTRY--PERSONAL NAME
Personal name Glusker, Susannah Joel
240 10 - UNIFORM TITLE
Uniform title Anita Brenner: A mid of her own
Language of a work español
245 10 - TITLE STATEMENT
Title Anita Brenner :
Remainder of title una mujer extraordinaria /
-- Susannah Joel Grusker ; prólogo Carlos Monsiváis ; traducción José Luis Justes.
250 ## - EDITION STATEMENT
Edition statement 1a ed.
260 ## - PUBLICATION, DISTRIBUTION, ETC. (IMPRINT)
Place of publication, distribution, etc Aguascalientes, México :
Name of publisher, distributor, etc Instituto Cultural de Aguascalientes,
Date of publication, distribution, etc 2000
300 ## - PHYSICAL DESCRIPTION
Extent 370 p. :
Other physical details il. ;
Dimensions 23 cm.
504 ## - BIBLIOGRAPHY, ETC. NOTE
Bibliography, etc Incluye bibliografía e índice temático
590 ## - LOCAL NOTE (RLIN)
Local note Proyecto PIFI 2005
600 1# - SUBJECT ADDED ENTRY--PERSONAL NAME
Personal name Brenner, Anita,
Dates associated with a name 1905-1974
650 #7 - SUBJECT ADDED ENTRY--TOPICAL TERM
Source of heading or term lemb
Topical term or geographic name as entry element Periodistas
Geographic subdivision México
General subdivision Biografía
650 #7 - SUBJECT ADDED ENTRY--TOPICAL TERM
Source of heading or term lemb
Topical term or geographic name as entry element Vida intelectual
Chronological subdivision Siglo XIX
Geographic subdivision México
700 1# - ADDED ENTRY--PERSONAL NAME
Personal name Monsiváis, Carlos,
Relator term prologuista
700 1# - ADDED ENTRY--PERSONAL NAME
Personal name Justes, José Luis,
Relator term traductor
942 ## - ADDED ENTRY ELEMENTS (KOHA)
Source of classification or shelving scheme Biblioteca del Cogreso de los Estados Unidos
Koha item type Libro
Holdings
Estado de pérdida Fuente de clasificación Estado del daño No para préstamo Ubicación permanente Ubicación actual Apartado o colección Fecha de adquisición Fuente de adquisición Edición Dependencia de educación superior (DES) Área del conocimiento Clasificación Código de Barras Date last seen Número de copia Costo por reposición Tipo de recurso
  Biblioteca del Cogreso de los Estados Unidos     Biblioteca del Instituto de Investigaciones Históricas Biblioteca del Instituto de Investigaciones Históricas General 14/11/2018 Donación 1a ed. Humanidades Educación y Humanidades PN4973.B74 G58 2000 IIH000027328 14/11/2018 1 1.00 Libro